000 00428nam a22001697a 4500
003 CEME
005 20210628210248.0
008 210216b xxu||||| |||| 00| 0 eng d
040 _c.
082 _a297 NAZ
100 _aNazir Anbalvi
_963969
245 _aAqwal-e-zarian ka encyclopedia
260 _aLAHORE
_bMUSHTAQ BOOK CORNER
_c1998
300 _a672P
650 _aENCYCLOPEDIA-AQWAL-E-ZARIAN
_978780
942 _cBK
_2ddc
999 _c583860
_d583860